[Event "LUX-chT 2016/17"]
[Site "Luxembourg"]
[Date "2017.03.05"]
[Round "8"]
[White "Aghabekian, Liana"]
[Black "Weidig, Tom"]
[Result "1-0"]
[WhiteElo "2156"]
[BlackElo "1959"]
[PlyCount "91"]
[EventDate "2016.09.25"]
[EventType "team-tourn"]
[EventRounds "10"]
[EventCountry "LUX"]
[SourceTitle "EXT 2018"]
[Source "ChessBase"]
[SourceDate "2017.10.13"]
[SourceVersion "1"]
[SourceVersionDate "2017.10.13"]
[SourceQuality "1"]

1. e4 d6 2. Nc3 Nf6 3. d4 g6 4. f3 Bg7 5. Be3 0-0 6. Qd2 h5 7. Bh6 Nbd7 8. 0-0-0 c6 9. e5 Nd5 10. Nxd5 cxd5 11. e6 fxe6 12. Bd3 Rf6 13. Bxg7 Kxg7 14. Ne2 e5 15. Nc3 Nb6 16. dxe5 dxe5 17. Rhe1 d4 18. Ne4 Rf8 19. Ng3 e6 20. Rxe5 Qf6 21. Rg5 Kh8 22. Rxg6 Qf4 23. Nxh5 Qxd2+ 24. Kxd2 Rf7 25. Rf6 Rxf6 26. Nxf6 Kg7 27. Ne4 e5 28. h4 Bd7 29. Rh1 Nd5 30. h5 Rh8 31. Nc5 Bc8 32. g4 Nf4 33. Be4 b6 34. Nd3 Nxd3 35. cxd3 Kh6 36. Rc1 Kg5 37. Rc7 a6 38. Rg7+ Kf4 39. Rg6 b5 40. b4 Kg3 41. Rb6 Bxg4 42. fxg4 Kxg4 43. h6 Rf8 44. Rg6+ Kh5 45. h7 Rf2+ 46. Ke1 1-0

[Event "Luxembourg-chT 1213"]
[Site "Luxembourg"]
[Date "2012.12.10"]
[Round "3"]
[White "Weidig, Tom"]
[Black "Fadil, Hicham"]
[Result "0-1"]
[WhiteElo "2016"]
[BlackElo "1939"]
[PlyCount "71"]
[EventDate "2012.10.??"]
[EventType "team-tourn"]
[EventRounds "10"]
[EventCountry "LUX"]
[SourceTitle "EXT 2017"]
[Source "ChessBase"]
[SourceDate "2016.10.25"]
[SourceVersion "1"]
[SourceVersionDate "2016.10.25"]
[SourceQuality "1"]

1. e4 e6 2. d3 d5 3. Nd2 Nf6 4. g3 dxe4 5. dxe4 Bc5 6. Qe2 Nc6 7. Nb3 Nd4 8. Nxd4 Qxd4 9. Bg2 e5 10. c3 Qd6 11. Nf3 0-0 12. 0-0 Rd8 13. a4 a5 14. Bg5 Bg4 15. h3 Bh5 16. g4 Bg6 17. Rad1 Qe6 18. Nh4 h6 19. Bxf6 Qxf6 20. Nf5 Qc6 21. Rd5 Rxd5 22. exd5 Qxa4 23. Qxe5 Bxf5 24. Qxf5 Re8 25. Qd3 Bd6 26. c4 b5 27. b3 Qb4 28. cxb5 Rb8 29. Qf5 g6 30. Qd3 Qxb5 31. Qd2 g5 32. h4 Qb4 33. Qe2 gxh4 34. f4 Qd4+ 35. Kh1 Rxb3 36. f5 0-1

[Event "Luxembourg-chT 1112"]
[Site "Luxembourg"]
[Date "2012.04.10"]
[Round "8"]
[White "Weidig, Tom"]
[Black "Isella, Lorenzo"]
[Result "1/2-1/2"]
[WhiteElo "2016"]
[BlackElo "1718"]
[PlyCount "51"]
[EventDate "2011.10.??"]
[EventType "team-tourn"]
[EventRounds "10"]
[EventCountry "LUX"]
[SourceTitle "EXT 2017"]
[Source "ChessBase"]
[SourceDate "2016.10.25"]
[SourceVersion "1"]
[SourceVersionDate "2016.10.25"]
[SourceQuality "1"]

1. e4 e6 2. d3 d5 3. Nd2 c5 4. Ngf3 Nc6 5. g3 g6 6. Bg2 Bg7 7. 0-0 Nge7 8. Re1 dxe4 9. Nxe4 b6 10. Bg5 h6 11. Bf6 0-0 12. Qd2 Bb7 13. Bxg7 Kxg7 14. Qc3+ Nd4 15. Rad1 Nd5 16. Qd2 Nxf3+ 17. Bxf3 e5 18. Qe2 Re8 19. Nd2 Qd7 20. Nc4 f6 21. Ne3 Rad8 22. Nxd5 Bxd5 23. b3 Qc6 24. Bxd5 Qxd5 25. Qe4 Qxe4 26. Rxe4 1/2-1/2

[Event "Luxembourg-chT 1112"]
[Site "Luxembourg"]
[Date "2011.12.10"]
[Round "3"]
[White "Sorras, Alexios"]
[Black "Weidig, Tom"]
[Result "0-1"]
[WhiteElo "1896"]
[BlackElo "2016"]
[PlyCount "62"]
[EventDate "2011.10.??"]
[EventType "team-tourn"]
[EventRounds "10"]
[EventCountry "LUX"]
[SourceTitle "EXT 2017"]
[Source "ChessBase"]
[SourceDate "2016.10.25"]
[SourceVersion "1"]
[SourceVersionDate "2016.10.25"]
[SourceQuality "1"]

1. e4 d6 2. d4 Nf6 3. Nc3 g6 4. Be3 c6 5. Qd2 b5 6. f3 Nbd7 7. Rd1 Qc7 8. d5 a6 9. dxc6 Qxc6 10. Nge2 Bb7 11. Nd4 Qc7 12. Bd3 Bg7 13. 0-0 0-0 14. Qf2 Rac8 15. a3 d5 16. Nxd5 Bxd5 17. exd5 Nxd5 18. Bc1 Nc5 19. Ne2 e6 20. c3 Nxd3 21. Rxd3 a5 22. Bd2 Rfd8 23. Rc1 Qc4 24. Rd4 Bxd4 25. Nxd4 b4 26. axb4 axb4 27. b3 Qd3 28. c4 Nc3 29. Bxc3 bxc3 30. Ne2 c2 31. Kf1 Qxb3 0-1

[Event "Luxembourg-chT 1112"]
[Site "Luxembourg"]
[Date "2011.11.10"]
[Round "2"]
[White "Upton, Timothy J"]
[Black "Weidig, Tom"]
[Result "1/2-1/2"]
[WhiteElo "2212"]
[BlackElo "2016"]
[PlyCount "42"]
[EventDate "2011.10.??"]
[EventType "team-tourn"]
[EventRounds "10"]
[EventCountry "LUX"]
[SourceTitle "EXT 2017"]
[Source "ChessBase"]
[SourceDate "2016.10.25"]
[SourceVersion "1"]
[SourceVersionDate "2016.10.25"]
[SourceQuality "1"]

1. e4 d6 2. d4 Nf6 3. Nc3 g6 4. f4 c6 5. Nf3 b5 6. e5 b4 7. exf6 bxc3 8. bxc3 exf6 9. Bd3 Bg7 10. f5 0-0 11. 0-0 Nd7 12. Bf4 Nb6 13. c4 Ba6 14. Bxd6 Qxd6 15. c5 Qd7 16. Bxa6 Nd5 17. Qd2 Rab8 18. fxg6 hxg6 19. Rab1 Kh7 20. Rxb8 Rxb8 21. Re1 Bh6 1/2-1/2

[Event "Kaupthing op"]
[Site "Differdange"]
[Date "2008.05.10"]
[Round "1"]
[White "Nezar, Mustapha"]
[Black "Weidig, Tom"]
[Result "1-0"]
[WhiteElo "2397"]
[BlackElo "2032"]
[PlyCount "51"]
[EventDate "2008.05.10"]
[EventType "swiss"]
[EventRounds "9"]
[EventCountry "LUX"]
[SourceTitle "CBM 124 Extra"]
[Source "ChessBase"]
[SourceDate "2008.07.03"]
[SourceVersion "1"]
[SourceVersionDate "2008.07.03"]
[SourceQuality "1"]

1. d4 Nf6 2. c4 g6 3. Nc3 Bg7 4. e4 d6 5. Be2 0-0 6. Nf3 Na6 7. Bg5 h6 8. Be3 c5 9. d5 e6 10. Nd2 exd5 11. cxd5 Re8 12. 0-0 Bd7 13. a4 Nb4 14. Bf4 Qe7 15. Re1 Red8 16. Bg3 Ne8 17. Nc4 Bd4 18. Qd2 h5 19. h3 Kg7 20. Bf3 f6 21. Bd1 a6 22. Nb6 Rab8 23. Ne2 Bxb2 24. Rb1 Qxe4 25. Rxb2 Bf5 26. Nf4 1-0

[Event "LUX-ch AB"]
[Site "Differdingen"]
[Date "2007.04.15"]
[Round "9.7"]
[White "Wagener, Christophe"]
[Black "Weidig, Tom"]
[Result "0-1"]
[WhiteElo "1731"]
[BlackElo "1981"]
[PlyCount "90"]
[EventDate "2007.04.07"]
[EventType "swiss"]
[EventRounds "9"]
[EventCountry "LUX"]
[SourceTitle "EXT 2008"]
[Source "ChessBase"]
[SourceDate "2007.11.25"]
[SourceVersion "1"]
[SourceVersionDate "2007.11.25"]
[SourceQuality "1"]

1. d4 Nf6 2. c4 e5 3. dxe5 Ng4 4. Bf4 Nc6 5. Nf3 Bb4+ 6. Nbd2 Qe7 7. e3 Ngxe5 8. Nxe5 Nxe5 9. Be2 d6 10. 0-0 Bxd2 11. Qxd2 Ng6 12. Bg3 0-0 13. Rac1 Ne5 14. Qc2 b6 15. Bxe5 Qxe5 16. Bf3 Rb8 17. Rfd1 Bf5 18. Qc3 Qxc3 19. Rxc3 a5 20. b3 Rfe8 21. a3 h6 22. h3 g6 23. b4 axb4 24. axb4 Be4 25. c5 Bxf3 26. gxf3 dxc5 27. bxc5 Red8 28. Rxd8+ Rxd8 29. cxb6 cxb6 30. Rc7 Rb8 31. Kf1 b5 32. Ke2 b4 33. Kd2 b3 34. Rc1 b2 35. Rb1 Kg7 36. Kc2 Kf6 37. f4 g5 38. Rxb2 Rxb2+ 39. Kxb2 gxf4 40. Kc2 fxe3 41. fxe3 Kg5 42. Kd3 Kh4 43. Ke4 Kxh3 44. Kf5 h5 45. Kg5 h4 0-1